Most Streamed Sanremo Songs Ever - Statistics

General Stats
  • This quiz has been taken 57 times
    48 since last reset
  • The average score is 38 of 47
Answer Stats
Streams Year Place Song Artist % Correct
257.2 m 2019 1 "Soldi" Mahmood
100%
132.5 m 2024 6 "Tuta gold" Mahmood
100%
162.4 m 2022 1 "Brividi" Mahmood and Blanco
100%
541.2 m 2021 1 "Zitti e buoni" Måneskin
100%
119.6 m 2023 1 "Due vite" Marco Mengoni
100%
130.2 m 2024 2 "I p' me, tu p' te" Geolier
98%
111.2 m 2024 1 "La noia" Angelina Mango
95%
74.1 m 2020 2 "Viceversa" Francesco Gabbani
95%
51.8 m 2017 1 "Occidentali's Karma" Francesco Gabbani
95%
78.2 m 2025 1 "Balorda nostalgia" Olly
95%
101.2 m 2024 3 "Sinceramente" Annalisa
93%
332.6 m 1981 5 "Sarà perché ti amo" Ricchi e Poveri
93%
115.1 m 2023 5 "Tango" Tananai
91%
68.9 m 2022 25 "Sesso occasionale" Tananai
91%
74.4 m 2020 1 "Fai rumore" Diodato
89%
181.9 m 2023 2 "Cenere" Lazza
89%
86.8 m 2024 23 "Click Boom!" Rose Villain
89%
152.8 m 1982 2 "Felicità" Al Bano and Romina Power
86%
73.3 m 1958 1 "Nel blu, dipinto di blu" Domenico Modugno
86%
71.6 m 2021 5 "La genesi del tuo colore" Irama
86%
66.4 m 2022 4 "Ovunque sarai" Irama
86%
58.3 m 2019 7 "La ragazza con il cuore di latta" Irama
86%
55.1 m 2024 5 "Tu no" Irama
86%
98.1 m 2023 3 "Supereroi" Mr. Rain
86%
64.4 m 2024 16 "Un ragazzo una ragazza" The Kolors
86%
195.9 m 1995 4 "Con te partirò" Andrea Bocelli
80%
70.6 m 2024 4 "Casa mia" Ghali
80%
60.7 m 2015 1 "Grande amore" Il Volo
80%
69.5 m 2024 10 "Vai!" Alfa
77%
93 m 2022 9 "Dove si balla" Dargen D'Amico
77%
55.7 m 2021 2 "Chiamami per nome" Francesca Michielin & Fedez
73%
72.5 m 2021 8 "Voce" Madame
73%
68.7 m 2023 7 "Il bene nel male" Madame
73%
97.2 m 2020 3 "Ringo Starr" Pinguini Tattici Nucleari
70%
91.3 m 2022 5 "Farfalle" Sangiovanni
70%
118.3 m 2019 2 "I tuoi particolari" Ultimo
70%
89.5 m 2021 4 "Musica leggerissima" Colapesce & Dimartino
68%
59.6 m 1981 2 "Maledetta primavera" Loretta Goggi
68%
56.2 m 1997 7 "Laura non c'è" Nek
68%
60 m 2022 7 "Ciao ciao" La Rappresentante di Lista
66%
149.8 m 1983 5 "L’italiano" Toto Cutugno
66%
54.6 m 2023 9 "Due" Elodie
64%
55.7 m 2021 20 "Fiamme negli occhi" Coma_Cose
59%
57.3 m 2022 17 "Insuperabile" Rkomi
59%
131.9 m 2019 11 "Per un milione" Boomdabash
48%
54.5 m 2021 18 "Parlami" Fasma
39%
53.1 m 2019 18 "Senza farlo apposta" Federica Carta & Shade
36%
No matching quizzes found
Score Distribution
Percent of People with Each Score
Percentile by Number Answered
Your Score History
You have not taken this quiz since the last reset